All Morgan Wallen Songs - Statistics

General Stats
  • This quiz has been taken 187 times
  • The average score is 43 of 150
Answer Stats
Hint Answer % Correct
I'm The Problem I'm The Problem
88%
If I Know Me | The Way I Talk EP The Way I Talk
74%
If I Know Me Chasin' You
66%
Dangerous: The Double Album 7 Summers
65%
One Thing At A Time One Thing At A Time
65%
One Thing At A Time Last Night
63%
Dangerous: The Double Album Dangerous
61%
Flower Shops (The Album) Flower Shops (Ernest ft Morgan Wallen)
61%
F-1 Trillion I Had Some Help (Post Malone ft Morgan Wallen)
61%
If I Know Me | The Way I Talk EP Whiskey Glasses
61%
Dangerous: The Double Album Sand In My Boots
59%
If I Know Me If I Know Me
57%
Stand Alone EP Spin You Around
55%
I'm The Problem TN
53%
The Mockingbird & The Crow Red (Hardy ft Morgan Wallen)
51%
I'm The Problem I Got Better
50%
I'm The Problem What I Want (With Tate McRae)
50%
I'm The Problem 20 Cigarettes
49%
If I Know Me Talkin' Tennessee
49%
Dangerous: The Double Album More Than My Hometown
47%
If I Know Me Up Down (ft Florida Georgia Line)
47%
I'm The Problem Superman
46%
Dangerous: The Double Album 865
44%
7220 Broadway Girls (Lil Durk ft Morgan Wallen)
44%
Dangerous: The Double Album Cover Me Up
43%
One Thing At A Time Man Made A Bar (ft Eric Church)
43%
One Thing At A Time Thought You Should Know
43%
One Thing At A Time 98 Braves
42%
I'm The Problem Lies Lies Lies
42%
Stand Alone EP Stand Alone
42%
One Thing At A Time Cowgirls (ft Ernest)
41%
I'm The Problem Just In Case
39%
I'm The Problem Miami
39%
Non-Album Promotional Single Miami (ft Lil Wayne & Rick Ross)
39%
I'm The Problem Smile
39%
Dangerous: The Double Album Wasted On You
39%
I'm The Problem Genesis
38%
I'm The Problem Love Somebody
38%
One Thing At A Time Thinkin' Bout Me
38%
One Thing At A Time You Proof
38%
I'm The Problem I'm A Little Crazy
35%
Dangerous: The Double Album Silverado For Sale
35%
I'm The Problem Skoal, Chevy And Browning
35%
One Thing At A Time Tennessee Fan
35%
Dangerous: The Double Album This Bar
35%
One Thing At A Time Everything I Love
32%
I'm The Problem Kick Myself
32%
I'm The Problem LA Night
31%
Dangerous: The Double Album Neon Eyes
31%
I'm The Problem Revelation
31%
I'm The Problem Jack And Jill
30%
If I Know Me Little Rain
30%
One Thing At A Time Tennessee Numbers
30%
One Thing At A Time Ain't That Some
29%
One Thing At A Time Born With A Beer In My Hand
28%
I'm The Problem Don't We
28%
One Thing At A Time F150-50
28%
Dangerous: The Double Album Heartless (Thomas Wesley ft Morgan Wallen)
28%
I'm The Problem Interlude
28%
I'm The Problem Number 3 And Number 7 (With Eric Church)
28%
Dangerous: The Double Album Warning
28%
I'm The Problem Eyes Are Closed
27%
If I Know Me Had Me By Halftime
27%
I'm The Problem I Ain't Comin' Back (With Post Malone)
27%
One Thing At A Time I Wrote The Book
27%
Dangerous: The Double Album Somebody's Problem
27%
Dangerous: The Double Album Bandaid On A Bullet Hole (Bonus Track)
26%
I'm The Problem Crazy Eyes
26%
One Thing At A Time 180 (Lifestyle)
25%
I'm The Problem Dark Til Daylight
25%
One Thing At A Time Keith Whitley
25%
One Thing At A Time Me To Me
24%
I'm The Problem Missing
24%
Speak Now Whiskey Whiskey (Moneybagg You ft Morgan Wallen)
24%
Dangerous: The Double Album Quittin' Time
23%
One Thing At A Time Sunrise
23%
Dangerous: The Double Album Country Ass Shit
22%
I'm The Problem Kiss Her In Front Of You
22%
Dangerous: The Double Album Outlaw (ft Ben Burgess)
22%
I'm The Problem The Dealer (With Ernest)
22%
Dangerous: The Double Album Wonderin' Bout The Wind
22%
Dangerous: The Double Album Your Bartender
22%
Dangerous: The Double Album Me On Whiskey
21%
One Thing At A Time Don't Think Jesus
20%
If I Know Me Happy Hour
20%
One Thing At A Time Single Than She Was
20%
Dangerous: The Double Album This Side Of A Dust Cloud (Bonus Track)
20%
I'm The Problem Whiskey In Reverse
20%
One Thing At A Time Dying Man
19%
One Thing At A Time I Deserve A Drink
19%
Dangerous: The Double Album Livin' The Dream
19%
Dangerous: The Double Album Only Thing That's Gone (ft Chris Stapleton)
19%
One Thing At A Time Outlook
19%
If I Know Me Redneck Love Song
19%
One Thing At A Time Wine Into Water
19%
One Thing At A Time Good Girl Gone Missin
18%
Hixtape Vol 1 He Went To Jared (Hardy ft Morgan Wallen)
18%
Dangerous: The Double Album Still Goin' Down
18%
One Thing At A Time Whiskey Friends
18%
Dangerous: The Double Album Beer Don't
17%
The Way I Talk EP Chain Smokin
17%
I'm The Problem Come Back As A Redneck (With Hardy)
17%
One Thing At A Time Devil Don't Know
17%
I'm The Problem Drinking Til It Does
17%
I'm The Problem Fallin' Apart
17%
One Thing At A Time Hope That's True
17%
I'm The Problem If You Were Mine
17%
I'm The Problem Leavin's The Least I Could Do
17%
One Thing At A Time Me + All Your Reasons
17%
One Thing At A Time Money On Me
17%
Dangerous: The Double Album Need A Boat
17%
One Thing At A Time Neon Star (Country Boy Lullaby)
17%
If I Know Me Not Good At Not
17%
Almost Healed Stand By Me (Lil Durk ft Morgan Wallen)
17%
I'm The Problem Where'd That Girl Go
17%
Dangerous: The Double Album Whiskey'd My Way
17%
Stand Alone EP Yin Yang Girl
17%
One Thing At A Time Days That End In Why
16%
If I Know Me Gone Girl
16%
One Thing At A Time In The Bible (ft Hardy)
16%
One Thing At A Time Last Drive Down Main
16%
20 Number Ones Mamaw's House (Thomas Rhett ft Morgan Wallen)
16%
The Way I Talk EP American Nights
15%
One Thing At A Time Had It
15%
Reboot II Neon Moon (With Brooks & Dunn)
15%
Dangerous: The Double Album Rednecks, Red Letters, Red Dirt
14%
I'm The Problem Working Man's Song
14%
Stand Alone EP (10th Anniversary Edition) Going Down
12%
If I Know Me If I Ever Get You Back
12%
Dangerous: The Double Album More Surprised Than Me
12%
I'm The Problem Nothin' Left
12%
Dangerous: The Double Album Blame It On Me
11%
Stand Alone EP Man Of The South
11%
Dangerous: The Double Album Somethin' Country
11%
The Way I Talk EP Stand Out
10%
Dangerous: The Double Album Whatcha Think Of Country Now
10%
Stand Alone EP (10th Anniversary Edition) 2 Of Us Alone
9%
Stand Alone EP (10th Anniversary Edition) Afterglow
9%
If I Know Me Whatcha Know Bout That
9%
Stand Alone EP Sleep When We're Dead
8%
Stand Alone EP (10th Anniversary Edition) Got It Made
7%
Stand Alone EP (10th Anniversary Edition) Heaven Can Take A Backseat
7%
Stand Alone EP (10th Anniversary Edition) Scared To Live Without You
7%
Stand Alone EP (10th Anniversary Edition) Bonfire Jam
6%
Nashville, Tennessee Hangin' On (With Ernest)
6%
Hixtape Vol 3 John Deere Green (Hardy ft Morgan Wallen & Joe Diffie)
6%
Hixtape Vol 1 Turn You Down (Hardy ft Morgan Wallen & Zakk Wylde)
6%
Hixtape Vol 2 Going Nowhere (Hardy ft Morgan Wallen & Chris Shiflett)
5%
No matching quizzes found
Score Distribution
Percent of People with Each Score
Percentile by Number Answered
Your Score History
You have not taken this quiz